Top 10 Länder nach Silberproduktion - Statistiken

Allgemein
  • Dieses Quiz wurde 48 mal gespielt
  • Das Durchschnittsergebnis liegt bei 7 aus 10
Antwortstatistiken
Platz Abbaumenge in Tonnen Land % Korrekt
2 3.330 China
98%
8 1.100 Vereinigte Staaten
98%
7 1.200 Russland
90%
1 6.300 Mexiko
83%
9 1.000 Australien
71%
6 1.200 Chile
71%
3 3.100 Peru
60%
5 1.300 Bolivien
54%
10 1.000 Kasachstan
46%
4 1.300 Polen
10%
Keine übereinstimmenden Quizze gefunden
Verteilung der Resultate
Anzahl Personen mit jedem Resultat
Perzentil nach korrekt beantworteten Fragen
Ihre Resultats-Entwicklung
Sie haben dieses Quiz noch nicht gespielt